00544 2200193 4500001002100000005001500021035002000036008004100056245005100097100001900148250002000167260004100187300003100228020001800259082001000277084001600287650003300303990001400336INLIS00000000000041920250604125635 a0010-0625000117250604 j 1 ind 1 aBawang Merah Bukti Buat Ayah /cMohamad Sobary aMohamad Sobary aCetakan pertama aJakarta :bPT Penebar Swadaya,c2008 a70 hlm :bIlus ;c15x21 cm a979-8312-85-6 a028.5 a028.5 MOH b 4aBawang Merah Bukti Buat Ayah a0702/2024